God is one in the holy trinity / (Record no. 6195)

MARC details
000 -LEADER
fixed length control field 00518nam a22001817a 4500
003 - CONTROL NUMBER IDENTIFIER
control field GBCCL
005 - DATE AND TIME OF LATEST TRANSACTION
control field 20241126110558.0
008 - FIXED-LENGTH DATA ELEMENTS--GENERAL INFORMATION
fixed length control field 180503b ||||| |||| 00| 0 eng d
040 ## - CATALOGING SOURCE
Transcribing agency gbc
082 ## - DEWEY DECIMAL CLASSIFICATION NUMBER
Classification number 261.27
Item number BUT
100 ## - MAIN ENTRY--PERSONAL NAME
Personal name Butrus, Archpriest Zachariah
9 (RLIN) 11133
245 ## - TITLE STATEMENT
Title God is one in the holy trinity /
Statement of responsibility, etc. Archpriest Zachariah Butrus
260 ## - PUBLICATION, DISTRIBUTION, ETC.
Place of publication, distribution, etc. Rikon:
Name of publisher, distributor, etc. Good Way,
Date of publication, distribution, etc. 1988
300 ## - PHYSICAL DESCRIPTION
Extent 54 p.;
Dimensions 16 cm.
650 ## - SUBJECT ADDED ENTRY--TOPICAL TERM
Topical term or geographic name entry element Christianity and other religions
General subdivision Islam
9 (RLIN) 1068
650 ## - SUBJECT ADDED ENTRY--TOPICAL TERM
Topical term or geographic name entry element Trinity
9 (RLIN) 7312
942 ## - ADDED ENTRY ELEMENTS (KOHA)
Source of classification or shelving scheme Dewey Decimal Classification
Koha item type Books
Holdings
Withdrawn status Lost status Source of classification or shelving scheme Damaged status Not for loan Home library Current Library Shelving location Date acquired Total checkouts Full call number Barcode Date last seen Copy number Price effective from Koha item type
    Dewey Decimal Classification     GRACE BIBLE COLLEGE GRACE BIBLE COLLEGE Ministry & Mission 2018-05-03   261.27 BUT 005665 2025-05-01 c.1 2018-05-03 Books
© Grace Bible College Library 2025